000 00558nam a2200181Ia 4500
005 20250508151333.0
008 008 250505s9999 xx 000 0 eng d
037 _aTextual
040 _aFEDL
_beng
_cFEDL
041 _aeng
_2eng
084 _a371.9, BAK
_qFEDL
100 _aBaker Harry J
245 0 _aRemedial procedure for unadjusted pupils for junior and senior high schools
260 _aBloomington
_bBloomington Public School Publishing Company
_c1943
300 _a13p
942 _cTEXL
_h371.9, BAK
999 _c1329133
_d1329133